00476nam a2200181 a 4500001001300000003000900013005001700022008004100039020000800080082001500088100002400103245005800127260003600185300000900221500003500230505001700265650001200282nice12345678IN_TiNIC20260116011409.0050524s1965 luca grp 000 0 urd  ac500a954.2bSHA aSharar, Abdul Halim aGuzishta Lucknow Ya Maghribi Tamaddun Ka Akhri Namuna aLucknowbNaseem Book Depoc1965 a391p aincludes index and biblioraphy2 aBibliography aLucknow